[Event "HUN-chT2 Toth 1718"]
[Site "Hungary"]
[Date "2017.10.08"]
[Round "2.11"]
[White "Csomos, Janos"]
[Black "Nagy, Gabor2222"]
[Result "0-1"]
[WhiteElo "1800"]
[BlackElo "1818"]
[PlyCount "20"]
[EventDate "2017.09.24"]
[EventType "team-tourn"]
[EventRounds "11"]
[EventCountry "HUN"]
[SourceTitle "EXT 2021"]
[Source "ChessBase"]
[SourceDate "2020.10.23"]
[SourceVersion "1"]
[SourceVersionDate "2020.10.23"]
[SourceQuality "1"]
[WhiteTeam "Gyula"]
[BlackTeam "Bekes"]
[WhiteTeamCountry "HUN"]
[BlackTeamCountry "HUN"]

1. d4 Nf6 2. c4 g6 3. Nc3 Bg7 4. e4 d6 5. f3 0-0 6. Be3 e5 7. d5 a5 8. Qd2 Ne8 9. Bh6 f5 10. Nge2 Qh4+ 0-1

[Event "HUN-chT2 Toth 1617"]
[Site "Hungary"]
[Date "2016.10.09"]
[Round "2.10"]
[White "Csomos, Janos"]
[Black "Illes, David Mark"]
[Result "1/2-1/2"]
[WhiteElo "1763"]
[BlackElo "1711"]
[PlyCount "90"]
[EventDate "2016.09.25"]
[EventType "team-tourn"]
[EventRounds "11"]
[EventCountry "HUN"]
[SourceTitle "EXT 2021"]
[Source "ChessBase"]
[SourceDate "2020.10.23"]
[SourceVersion "1"]
[SourceVersionDate "2020.10.23"]
[SourceQuality "1"]
[WhiteTeam "Gyula"]
[BlackTeam "Karcag"]
[WhiteTeamCountry "HUN"]
[BlackTeamCountry "HUN"]

1. d4 Nf6 2. Nf3 g6 3. g3 Bg7 4. Bg2 0-0 5. c4 d6 6. Nc3 Nbd7 7. 0-0 e5 8. e3 Re8 9. Qc2 c6 10. b3 Qc7 11. Bb2 Nb6 12. Rfd1 Be6 13. dxe5 dxe5 14. Rd2 Red8 15. Rad1 Ne8 16. Ne4 Nd7 17. h3 f6 18. Ba3 Bf8 19. Nd6 Nxd6 20. Bxd6 Bxd6 21. Rxd6 Nf8 22. c5 Rxd6 23. cxd6 Qd7 24. Kh2 Rd8 25. Bf1 Bf7 26. b4 Qe6 27. Qc5 Qxa2 28. Rd2 Qe6 29. Qxa7 Rxd6 30. Bc4 Qd7 31. Bxf7+ Kxf7 32. Rxd6 Qxd6 33. Qxb7+ Qd7 34. Qb8 Qd5 35. Nh4 Ne6 36. Ng2 Ng5 37. Nh4 Ne4 38. Qb7+ Kg8 39. f3 Qd2+ 40. Ng2 Ng5 41. Qxc6 Qf2 42. h4 Nxf3+ 43. Kh3 Ng1+ 44. Kh2 Nf3+ 45. Kh3 Ng1+ 1/2-1/2

[Event "Senta op 20th"]
[Site "Senta"]
[Date "2016.07.24"]
[Round "4"]
[White "Csomos, Janos"]
[Black "Kovacs, Arthur"]
[Result "0-1"]
[WhiteElo "1792"]
[BlackElo "2007"]
[PlyCount "76"]
[EventDate "2016.07.22"]
[EventType "swiss"]
[EventRounds "9"]
[EventCountry "SRB"]
[SourceTitle "EXT 2017"]
[Source "ChessBase"]
[SourceDate "2016.10.25"]
[SourceVersion "1"]
[SourceVersionDate "2016.10.25"]
[SourceQuality "1"]

1. d4 d5 2. c4 e6 3. Nc3 Nf6 4. Bg5 Be7 5. e3 h6 6. Bh4 0-0 7. Nf3 b6 8. cxd5 Nxd5 9. Bxe7 Qxe7 10. Nxd5 exd5 11. Bd3 Be6 12. 0-0 c5 13. Ne5 Rc8 14. Rc1 Nd7 15. Nxd7 Qxd7 16. Ba6 Rc7 17. dxc5 bxc5 18. b3 Rb8 19. Qd2 Rb6 20. Be2 Rd6 21. Rfd1 Qc8 22. Qa5 Rb6 23. Rd2 c4 24. bxc4 dxc4 25. Rcd1 Qa6 26. Rd8+ Kh7 27. Qe5 Rc8 28. Qe4+ f5 29. Qc2 Rxd8 30. Rxd8 Qb5 31. Bd1 Qb2 32. Qa4 Qb4 33. Qxb4 Rxb4 34. Bc2 Rb2 35. Rd2 c3 36. Re2 Kh8 37. f3 Bxa2 38. Kf2 Bc4 0-1

[Event "HUN-chT2 Toth 1516"]
[Site "Hungary"]
[Date "2015.11.29"]
[Round "5.11"]
[White "Csomos, Janos"]
[Black "Nagy, Viktor"]
[Result "1/2-1/2"]
[WhiteElo "1799"]
[BlackElo "1713"]
[PlyCount "20"]
[EventDate "2015.09.13"]
[EventType "team-tourn"]
[EventRounds "11"]
[EventCountry "HUN"]
[SourceTitle "CBM 170 Extra"]
[Source "ChessBase"]
[SourceDate "2016.02.25"]
[SourceVersion "1"]
[SourceVersionDate "2016.02.25"]
[SourceQuality "1"]
[WhiteTeam "Gyula"]
[BlackTeam "Szentes Integral"]
[WhiteTeamCountry "HUN"]
[BlackTeamCountry "HUN"]

1. d4 d5 2. c4 e6 3. Nc3 Nf6 4. Bg5 Be7 5. e3 0-0 6. Nf3 Nbd7 7. Bd3 dxc4 8. Bxc4 Nb6 9. Bd3 Nfd5 10. Bxe7 Qxe7 1/2-1/2

[Event "HUN-chT2 Toth 1415"]
[Site "Hungary"]
[Date "2015.03.22"]
[Round "10.11"]
[White "Kajari, Daniel"]
[Black "Csomos, Janos"]
[Result "1/2-1/2"]
[WhiteElo "1469"]
[BlackElo "1797"]
[PlyCount "36"]
[EventDate "2014.09.07"]
[EventType "team-tourn"]
[EventRounds "11"]
[EventCountry "HUN"]
[SourceTitle "EXT 2016"]
[Source "ChessBase"]
[SourceDate "2015.10.08"]
[SourceVersion "1"]
[SourceVersionDate "2015.10.08"]
[SourceQuality "1"]
[WhiteTeam "Mako II"]
[BlackTeam "Gyula"]
[WhiteTeamCountry "HUN"]
[BlackTeamCountry "HUN"]

1. e4 d5 2. exd5 Qxd5 3. d3 Nf6 4. Nc3 Qd8 5. Nf3 Bg4 6. Be2 e6 7. h3 Bh5 8. Bg5 Be7 9. Bf4 c6 10. 0-0 0-0 11. Qd2 Nd5 12. Nxd5 cxd5 13. d4 Nc6 14. c3 Bg6 15. Bd3 Bxd3 16. Qxd3 Rc8 17. Rfe1 Bf6 18. Ne5 Bxe5 1/2-1/2

[Event "Senta op 18th"]
[Site "Senta"]
[Date "2014.07.19"]
[Round "1"]
[White "Nestorovic, Lazar"]
[Black "Csomos, Janos"]
[Result "1-0"]
[WhiteElo "2331"]
[BlackElo "1848"]
[PlyCount "37"]
[EventDate "2014.07.19"]
[EventType "swiss"]
[EventRounds "9"]
[EventCountry "SRB"]
[SourceTitle "CBM 161 Extra"]
[Source "ChessBase"]
[SourceDate "2014.08.29"]
[SourceVersion "1"]
[SourceVersionDate "2014.08.29"]
[SourceQuality "1"]

1. d4 Nf6 2. Nf3 e6 3. e3 d5 4. Be2 c5 5. 0-0 Nc6 6. c4 cxd4 7. exd4 Bd6 8. Nc3 dxc4 9. Bxc4 0-0 10. a3 a6 11. Qe2 Qc7 12. Bg5 Nd7 13. Bd3 e5 14. Rac1 exd4 15. Nd5 Qa5 16. Qe4 g6 17. b4 Qxa3 18. Ra1 Qb3 19. Rfb1 1-0

[Event "HUN-chT2 Toth 1314"]
[Site "Hungary"]
[Date "2014.04.13"]
[Round "10.7"]
[White "Csomos, Janos"]
[Black "Lorinczy, Laszlo"]
[Result "1/2-1/2"]
[WhiteElo "1874"]
[BlackElo "1876"]
[PlyCount "29"]
[EventDate "2013.09.08"]
[EventType "team-tourn"]
[EventRounds "11"]
[EventCountry "HUN"]
[SourceTitle "EXT 2016"]
[Source "ChessBase"]
[SourceDate "2015.10.08"]
[SourceVersion "1"]
[SourceVersionDate "2015.10.08"]
[SourceQuality "1"]
[WhiteTeam "Gyula"]
[BlackTeam "Abony"]
[WhiteTeamCountry "HUN"]
[BlackTeamCountry "HUN"]

1. d4 Nf6 2. c4 g6 3. Nc3 d5 4. Bg5 c6 5. Bxf6 exf6 6. cxd5 cxd5 7. Qb3 Nc6 8. e3 Bb4 9. a3 Bxc3+ 10. Qxc3 0-0 11. Nf3 Be6 12. Be2 Rc8 13. 0-0 Qb6 14. b4 Ne5 15. Qd2 1/2-1/2

[Event "HUN-chT2 Toth 1213"]
[Site "Hungary"]
[Date "2013.02.17"]
[Round "7.10"]
[White "Csomos, Janos"]
[Black "Marton, Attila"]
[Result "1/2-1/2"]
[WhiteElo "1905"]
[BlackElo "1675"]
[PlyCount "38"]
[EventDate "2012.09.16"]
[EventType "team-tourn"]
[EventRounds "11"]
[EventCountry "HUN"]
[SourceTitle "EXT 2014"]
[Source "ChessBase"]
[SourceDate "2013.11.20"]
[SourceVersion "1"]
[SourceVersionDate "2013.11.20"]
[SourceQuality "1"]
[WhiteTeam "Gyula"]
[BlackTeam "Takisz"]
[WhiteTeamCountry "HUN"]
[BlackTeamCountry "HUN"]

1. d4 Nf6 2. Nf3 e6 3. c4 b6 4. g3 Bb7 5. Bg2 c5 6. e3 d5 7. cxd5 exd5 8. 0-0 Be7 9. Nc3 0-0 10. Ne5 Nbd7 11. f4 Nxe5 12. dxe5 Ne4 13. Nxe4 dxe4 14. Qc2 Qd5 15. Rd1 Qc6 16. b3 Rfd8 17. Bb2 Rxd1+ 18. Rxd1 Rd8 19. Rxd8+ Bxd8 1/2-1/2

[Event "HUN-chT2 Toth 1112"]
[Site "Hungary"]
[Date "2012.05.06"]
[Round "10.9"]
[White "Krizsa, Sandor"]
[Black "Csomos, Janos"]
[Result "0-1"]
[WhiteElo "1739"]
[BlackElo "1880"]
[PlyCount "61"]
[EventDate "2011.09.25"]
[EventType "team-tourn"]
[EventRounds "11"]
[EventCountry "HUN"]
[SourceTitle "EXT 2013"]
[Source "ChessBase"]
[SourceDate "2012.11.22"]
[SourceVersion "1"]
[SourceVersionDate "2012.11.22"]
[SourceQuality "1"]
[WhiteTeam "Keviterv"]
[BlackTeam "Gyula"]
[WhiteTeamCountry "HUN"]
[BlackTeamCountry "HUN"]

1. b4 e5 2. Bb2 d6 3. e4 g6 4. d4 Nd7 5. Nf3 Bg7 6. Bb5 c6 7. Ba4 Ne7 8. 0-0 0-0 9. Nbd2 exd4 10. Bxd4 d5 11. Bxg7 Kxg7 12. h3 Nb6 13. Bb3 f5 14. e5 Qc7 15. Qe2 a5 16. a3 Be6 17. Nd4 Bg8 18. f4 Nd7 19. c3 Rfe8 20. N2f3 Nf8 21. b5 c5 22. Nc2 Ne6 23. g3 c4 24. Ba4 Qb6+ 25. Ncd4 Nc5 26. Bc2 Ne4 27. Kg2 Nxc3 28. Qd2 Ne4 29. Bxe4 dxe4 30. Ne1 Bd5 31. Nec2 0-1

[Event "Arad op-A"]
[Site "Arad"]
[Date "2011.08.05"]
[Round "1"]
[White "Csomos, Janos"]
[Black "Miron, Lucian Costin"]
[Result "0-1"]
[WhiteElo "1855"]
[BlackElo "2506"]
[PlyCount "68"]
[EventDate "2011.08.05"]
[EventType "swiss"]
[EventRounds "9"]
[EventCountry "ROU"]
[SourceTitle "CBM 143 Extra"]
[Source "ChessBase"]
[SourceDate "2011.08.29"]
[SourceVersion "1"]
[SourceVersionDate "2011.08.29"]
[SourceQuality "1"]

1. d4 d5 2. Nf3 e6 3. c4 c6 4. cxd5 exd5 5. Nc3 Bf5 6. Bf4 Qb6 7. Na4 Qa5+ 8. Bd2 Qc7 9. Nc3 Nd7 10. Rc1 Ngf6 11. g3 h6 12. Bg2 Be7 13. 0-0 0-0 14. Nh4 Bh7 15. Bh3 Qb6 16. Na4 Qxd4 17. Nf3 Qe4 18. b3 Bd6 19. Rc3 Qe7 20. Re3 Qd8 21. Bc3 b5 22. Nb2 b4 23. Bd2 c5 24. Nh4 Ne5 25. f4 Neg4 26. Na4 Nxe3 27. Bxe3 Re8 28. Bc1 Be4 29. e3 c4 30. g4 c3 31. g5 hxg5 32. fxg5 Nh7 33. g6 Qg5+ 34. Ng2 Qxg6 0-1

[Event "Battle of Senta op-B 15th"]
[Site "Senta"]
[Date "2011.07.23"]
[Round "9"]
[White "Csomos, Janos"]
[Black "Kuzmanovic, Ratko"]
[Result "1-0"]
[WhiteElo "1855"]
[BlackElo "1947"]
[PlyCount "104"]
[EventDate "2011.07.16"]
[EventType "swiss"]
[EventRounds "9"]
[EventCountry "SRB"]
[SourceTitle "EXT 2019"]
[Source "ChessBase"]
[SourceDate "2018.10.10"]
[SourceVersion "1"]
[SourceVersionDate "2018.10.10"]
[SourceQuality "1"]

1. d4 Nf6 2. Nf3 g6 3. g3 Bg7 4. c4 d6 5. Bg2 0-0 6. 0-0 Nc6 7. Nc3 a6 8. b3 e5 9. e3 Bg4 10. h3 Bd7 11. Ba3 Re8 12. Qc2 Qc8 13. Kh2 Nh5 14. Rad1 exd4 15. exd4 f5 16. Nd5 Be6 17. Bb2 Bxd5 18. cxd5 Ne7 19. Ng5 Nf6 20. Ne6 Nexd5 21. Nxg7 Kxg7 22. Bc1 Qd8 23. Qd2 Qd7 24. Rfe1 Rxe1 25. Rxe1 Re8 26. Rxe8 Qxe8 27. f3 Qc6 28. Bb2 Qb5 29. Bc1 Qb4 30. Qb2 Qc3 31. Qxc3 Nxc3 32. a3 c6 33. Bb2 Nd1 34. Bc1 Nd5 35. Bf1 Kf6 36. Bc4 N1c3 37. Kg2 b5 38. Bf1 Nb6 39. Kf2 Ke6 40. Ke3 Ncd5+ 41. Kd3 Nd7 42. Bh6 Kf6 43. Bd2 g5 44. Ba5 Ke6 45. Bd2 h6 46. Be2 Ne7 47. f4 Kf6 48. Bf3 Nb6 49. Bb4 Ke6 50. Bd2 Kf6 51. Bb4 d5 52. Bd2 gxf4 1-0

[Event "HUN-chT2 Toth 1011"]
[Site "Hungary"]
[Date "2011.05.01"]
[Round "10.10"]
[White "Csomos, Janos"]
[Black "Varga, Tamas"]
[Result "1/2-1/2"]
[WhiteElo "1886"]
[BlackElo "1737"]
[PlyCount "112"]
[EventDate "2010.09.12"]
[EventType "team-tourn"]
[EventRounds "11"]
[EventCountry "HUN"]
[SourceTitle "EXT 2012"]
[Source "ChessBase"]
[SourceDate "2011.11.24"]
[SourceVersion "1"]
[SourceVersionDate "2011.11.24"]
[SourceQuality "1"]
[WhiteTeam "Gyula"]
[BlackTeam "Bekes"]
[WhiteTeamCountry "HUN"]
[BlackTeamCountry "HUN"]

1. d4 d5 2. c4 c6 3. cxd5 cxd5 4. Nc3 Nf6 5. Nf3 Nc6 6. Bf4 e6 7. e3 Qb6 8. Nb5 Bb4+ 9. Nd2 e5 10. dxe5 Ne4 11. Nd6+ Nxd6 12. exd6 Be6 13. a3 Bxd2+ 14. Qxd2 0-0 15. b4 Rac8 16. Be2 a6 17. 0-0 Nb8 18. Bf3 Nd7 19. Bxd5 Bxd5 20. Qxd5 Nf6 21. Qd2 Rfd8 22. Rac1 Rxc1 23. Rxc1 h6 24. h3 Ne4 25. Qd5 Nf6 26. Qd3 Nd7 27. Rc7 Nf6 28. Qc4 Rf8 29. Rc8 Nd7 30. Rxf8+ Nxf8 31. Qc8 Qb5 32. e4 f6 33. Be3 h5 34. Bc5 Qd7 35. Qc7 Qb5 36. Qe7 Qd7 37. Kh2 Qb5 38. Kg3 Qd3+ 39. f3 Qb5 40. Qd8 Qd7 41. Qxd7 Nxd7 42. f4 g6 43. Kf3 Kf7 44. f5 g5 45. Ke3 Ke8 46. Bd4 Kf7 47. Kd3 b5 48. Ba7 Ne5+ 49. Kc3 Ke8 50. Bd4 Kd7 51. Bxe5 fxe5 52. Kd3 Kxd6 53. Ke3 Ke7 54. Kf3 Kf6 55. g3 Kf7 56. h4 g4+ 1/2-1/2

[Event "HUN-chT2 Toth 1011"]
[Site "Hungary"]
[Date "2010.11.07"]
[Round "5.8"]
[White "Moczo, Istvan"]
[Black "Csomos, Janos"]
[Result "0-1"]
[WhiteElo "2023"]
[BlackElo "1886"]
[PlyCount "58"]
[EventDate "2010.09.12"]
[EventType "team-tourn"]
[EventRounds "11"]
[EventCountry "HUN"]
[SourceTitle "EXT 2012"]
[Source "ChessBase"]
[SourceDate "2011.11.24"]
[SourceVersion "1"]
[SourceVersionDate "2011.11.24"]
[SourceQuality "1"]
[WhiteTeam "Takisz"]
[BlackTeam "Gyula"]
[WhiteTeamCountry "HUN"]
[BlackTeamCountry "HUN"]

1. d4 Nf6 2. c4 g6 3. Nf3 Bg7 4. Nc3 d6 5. e4 Bg4 6. Be2 Bxf3 7. Bxf3 Nc6 8. Be3 e5 9. d5 Ne7 10. 0-0 a5 11. Qd2 0-0 12. g4 Nd7 13. Bh6 Nc5 14. Ne2 Bxh6 15. Qxh6 Kh8 16. Kh1 Ng8 17. Qh3 Qg5 18. Rfd1 f5 19. gxf5 gxf5 20. Rg1 Qe7 21. exf5 Nd3 22. Rg2 Nxb2 23. Qg4 Nf6 24. Qh4 e4 25. Nf4 Rg8 26. Re1 Nxd5 27. Rxe4 Qxh4 28. Ng6+ Rxg6 29. Rxh4 Rxg2 0-1